| 000 | 01007naa a22003017a 4500 | ||
|---|---|---|---|
| 001 | BR7801128 | ||
| 003 | BR-BrBNA | ||
| 005 | 20240918174049.0 | ||
| 007 | ta | ||
| 008 | 230509b bl.||||| |||| 00| 0 por d | ||
| 040 |
_aBR-BrBNA _bpor _cBiblioteca Nacional de Agricultura |
||
| 041 | _a(Pt) | ||
| 072 | _aH20 | ||
| 090 | _aH20 BR7801128 | ||
| 100 | 1 | _aBordignon, L.M.M. | |
| 100 | 1 | _aAzevedo, J.L. de | |
| 245 | 1 | _aResistencia natural e induzida para arginina, em linhagens deficientes para a sintese de lisina em Aspergillus nidulans [fungo] | |
| 260 | 3 |
_aPiracicaba, SP (Brasil): _c1977. |
|
| 500 | _aRelatorio cientifico - 1976 Piracicaba, SP (Brasil): 1977. p. 28-34 (BR7801128-AM)H20 | ||
| 650 | _aFUNGO | ||
| 650 | _aCONTROLE QUIMICO | ||
| 650 | _aMUTACAO | ||
| 650 | _aLISINA | ||
| 650 | _aASPERGILOSE | ||
| 773 | 0 |
_tRelatorio Cientifico - 1976 : no. 10 / _wF30 BR7801121 _gPiracicaba, SP (Brasil), 1977. _q241 p. |
|
| 909 |
_a202404 _bLucia _c55 _dLucia Elande |
||
| 942 |
_cAM _2AGRIS |
||
| 999 |
_c308681 _d308681 |
||